000 00832nam a2200253 a 4500
001 000048229
003 DO-SdBNP
005 20230208085535.0
007 ta
008 181207s2016 dr abc r 000 0 spa d
020 _a9789945086409
040 _aDO-SdBNP
_bspa
_cBNPHU
082 _a384
_bM878h
_222
100 1 _aMorrison, Hiddekel,
_d1978-
_946215
245 1 0 _aHistoria de las telecomunicaciones en la República Dominicana y Latinoamérica :
_bimpacto social y reflexiones /
_cHiddekel Morrison.
250 _a4a ed.
260 _aSanto Domingo :
_bDiario Libre,
_c2016.
300 _a184 p. :
_bil. map., retrs. ;
_c27 cm.
500 _aIncluye referencias bibliográficas y notas al pie de las páginas
504 _aBibliografía : p. 177-178
590 _aInventariado, 2019/BT
910 _aBT
942 _2ddc
_cLBS1
999 _c47717
_d47717